| 000 | 00708nam a2200217 a 4500 | ||
|---|---|---|---|
| 001 | 79656 | ||
| 003 | BD-RjUL | ||
| 005 | 20220404105857.0 | ||
| 008 | 220404s1979 bg ||||| |||| 00| 0 ben d | ||
| 035 | _a(BD-RjUL)79656 | ||
| 040 |
_aBD-RjUL _beng _cBD-RjUL |
||
| 041 | _aben | ||
| 082 |
_223 _a891.441008 _bJAA 1979 |
||
| 100 |
_aজামাল, জেব-উন-নেসা _92230 |
||
| 245 |
_aআমার যতো গান / _cজেব-উন-নেসা জামাল |
||
| 260 |
_aঢাকা : _bলুবনা ইয়াসমীন, _c১৯৭৯ |
||
| 300 |
_a৭২ পৃ.; _c২১ সেমি. |
||
| 650 | _aBengali poetry | ||
| 650 |
_aSongs, Bengali _91064 |
||
| 942 |
_2ddc _cBK |
||
| 999 |
_c79656 _d79656 |
||